|
|
|
|
| LEADER |
00000cam a2200000 a 4500 |
| 001 |
vtls008320763 |
| 003 |
SK-MaSNL |
| 005 |
20260301185435.0 |
| 008 |
230403s1957 xo oal grnf 000 0 slo |
| 015 |
|
|
|a SNBA1958/02-00195
|
| 020 |
|
|
|q (brožované)
|
| 035 |
|
|
|a SK01SNK19580012980
|
| 035 |
|
|
|a urn:nbn:sk:snk-am3i6m2
|
| 035 |
|
|
|a 517BE9D5-925A-411B-83D9-7F8BE1B23092
|
| 035 |
|
|
|a urn:nbn:sk:snk-am00dlx6
|
| 035 |
|
|
|a SKM000015443
|
| 040 |
|
|
|a SNK
|b slo
|c SNK
|e AACR2
|
| 041 |
0 |
|
|a slo
|
| 044 |
|
|
|a xo
|c SK
|
| 080 |
|
|
|a 621.397.13
|2 2011
|
| 080 |
|
|
|a 654.197
|2 2011
|
| 080 |
|
|
|a (035)
|2 2011
|
| 100 |
1 |
|
|a Kožehuba, Ján,
|d 1921-
|4 aut
|9 191297
|
| 245 |
1 |
0 |
|a Televízny poradca
|c Ján Kožehuba
|
| 250 |
|
|
|a Vydanie prvé
|
| 260 |
|
|
|a Bratislava
|b Slovenské vydavateľstvo technickej literatúry
|c 1957
|e Bratislava
|f Polygrafické závody
|
| 300 |
|
|
|a 91 strán, 11 nečíslovaných strán obrazových príloh
|b fotografie, ilustrácie, tabuľky
|c 21 cm
|
| 366 |
|
|
|e 10200 kusov
|
| 490 |
1 |
|
|a Edícia elektrotechnickej literatúry
|
| 504 |
|
|
|a Obsahuje bibliografiu
|
| 650 |
0 |
7 |
|a televízia
|2 SNKPH
|9 16407
|
| 655 |
|
7 |
|a príručky
|2 SNKPH
|9 74364
|
| 830 |
|
0 |
|a Edícia elektrotechnickej literatúry
|9 270875
|
| 852 |
|
|
|a Slovenská národná knižnica
|
| 954 |
|
|
|a odborná, vedecká literatúra pôvodná (slovenská)
|2 lita
|
| 958 |
|
|
|a OND
|
| 958 |
|
|
|a TL
|
| 958 |
|
|
|a RK
|
| 958 |
|
|
|a NB
|
| 958 |
|
|
|a EUIPO
|
| 999 |
|
|
|c 863990
|d 865920
|
| 952 |
|
|
|a SNK
|b SNK
|y PREZ
|7 0
|p 17A0805609
|o snkSC 11078
|i snkKSP 63/58
|0 0
|1 0
|4 0
|d 2012-08-22
|f 1
|l 0
|r 2025-07-11 00:00:00
|w 2026-02-24
|
| 952 |
|
|
|a SNK
|b SNK
|y VYP
|7 0
|p 17A0688117
|o snkSC 11078 D1
|i snkKSP 64/58
|0 0
|1 0
|4 0
|d 2011-03-07
|l 0
|r 2026-02-24 05:21:47
|w 2026-02-24
|